000 00423nam a2200181Ia 4500
008 100917s9999 xx 000 0 und d
082 _b46665
100 _aGatherine Gookson
245 _aBlue Baccy
260 _bMacdonold
_c1972
300 _a147
365 _b1.25
520 _aबालविभाग
630 _aBlue Baccy
650 _aबालविभाग
730 _aBlue Baccy
942 _cBOOK
999 _c652059
_d652056